LIBRARY & INFORMATION CENTRE, KCAET, TAVANUR

ONLINE PUBLIC ACCESS CATALOGUE (OPAC)

Code of practice for installation , maintenance and observation of instruments for pore pressure measurements in earth dams, 7356-1974 / (Record no. 7136)

MARC details
000 -LEADER
fixed length control field 01025cam a2200157ua 4500
041 ## - LANGUAGE CODE
Language code of text/sound track or separate title eng
082 ## - DEWEY DECIMAL CLASSIFICATION NUMBER
Classification number 627.824
Item number IND/CO
245 ## - TITLE STATEMENT
Title Code of practice for installation , maintenance and observation of instruments for pore pressure measurements in earth dams, 7356-1974 /
250 ## - EDITION STATEMENT
Edition statement 1 /
260 ## - PUBLICATION, DISTRIBUTION, ETC. (IMPRINT)
Place of publication New Delhi :
Name of publisher Indian standards institution ,
Year of publication 1985.
300 ## - PHYSICAL DESCRIPTION
Number of Pages 16 ; .
942 ## - ADDED ENTRY ELEMENTS (KOHA)
Koha item type Books
Holdings
Withdrawn status Lost status Damaged status Home library Current library Date acquired Full call number Accession Number Koha item type
      KAUAET   07/04/2012 627.824 17265 Books
free website counter